00453nam a2200121Ia 450000500170000000800410001708200130005810000180007124500760008926000430016530000180020850001050022620250306015522.0240331s9999 xx 000 0 und d bDESa954 aDa Silva, O.M 0aVikrama Bahu of Kandy :bthe portuguese and the Franciscans (1542-1551) aColombobM.D.Gunasena & Co., Ltdc1967 aXV, 110 p .,T aThis book, which deals with an early phase of the Kandyan Kingdom relates the attempts of its king,